00590 2200205 4500001002100000005001500021035002000036007000300056008004100059020001800100082000800118084001400126100002200140245009700162250001100259260004500270300003500315650002200350990001200372INLIS00000000000158920180215020907 a0010-0218000184ta180215 g 0 ind  a979-461-350-9 a301 a301 ANI n0 aANI, Sekarningsih1 aNamaku Teweraut :bSebuah Roman Antropologi dan Rimba -rawa Asmat, Papua /cAni Sekarningsih acet. 2 aJakarta :bYayasan Obor Indonesia,c2006 axviii; 298 hlm ;c14,5 x 21 cm aROMAN ANTROPOLOGI a1071265